| 000 | 00791nam a22001337a 4500 | ||
|---|---|---|---|
| 040 | _cNUST | ||
| 082 | _a153.94,KHA | ||
| 100 |
_aKhattak, Jamshed A _9113525 |
||
| 245 |
_aInformation Technology 241 questions and answers : _b(Topic-Wise) 1994-2004 for C.A. Foundation & Intermediate Module-B&D / _cJamshed A. KHattak |
||
| 260 |
_aLahore _bIshfaq _c2003 |
||
| 300 | _a293 p.; | ||
| 505 | _aHardware (Meeting the Machine) (PAge-1), Software (The Power Behind the Power) (Page-41), Communication & Networks (Computer Connection) (Page-75), The Nature of Informmation (Page-104), Oganizational Information System (Page-122), SstemDevelopment Life Cycle (Page-174), Computer Pachages (Plan the Solution) (Page-222), Disaster & Control (Page-254), MCQ's (Page-285). | ||
| 942 |
_2ddc _cBK _k153.94,KHA |
||
| 999 |
_c595200 _d595200 |
||